The Oldest Films I've Seen - Statistics

General Stats
  • This quiz has been taken 77 times
    21 since last reset
  • The average score is 10 of 16
Answer Stats
Picture Hint Answer % Correct
1953 Peter Pan
100%
1952 Singin' in the Rain
100%
1939 The Wizard of Oz
100%
1955 Lady and the Tramp
89%
1922 Nosferatu: A Symphony of Horror
84%
1957 12 Angry Men
79%
1941 Citizen Kane
74%
1931 Dr. Jekyll and Mr. Hyde
68%
1931 M
68%
1954 Dial M For Murder
63%
1920 The Cabinet of Dr. Caligari
47%
1934 The Man Who Knew Too Much
37%
1956 The Court Jester
32%
1888 Roundhay Garden Scene
26%
1945 The Picture of Dorian Gray
16%
1946 Terror by Night
11%
No matching quizzes found
Score Distribution
Percent of People with Each Score
Percentile by Number Answered
Your Score History
You have not taken this quiz since the last reset